[Event "IV Festival B"]
[Site "Codogno ITA"]
[Date "2012.09.23"]
[Round "4"]
[White "Biava, Pierluigi"]
[Black "Marzatico, Luca"]
[WhiteElo "1645"]
[BlackElo "1515"]
[Result "0-1"]
[PlyCount "92"]
[EventDate "2012.09.21"]

1. c4 e5 2. Nc3 Nf6 3. g3 c6 4. Bg2 d5 5. cxd5 cxd5 6. e3 Nc6 7. a3 Be6 8. d3
a6 9. Nge2 Bd6 10. O-O O-O 11. b4 b5 12. Bd2 Qd7 13. Re1 h6 14. d4 e4 15. Qb3
g5 16. Rec1 Rfc8 17. Rc2 Rc7 18. Rac1 Rac8 19. Be1 Ne7 20. Nd1 Ne8 21. Rxc7
Rxc7 22. Rxc7 Bxc7 23. Ndc3 Nf6 24. Qc2 Bh3 25. Bh1 Bg4 26. Nc1 Bf3 27. Bxf3
exf3 28. Qd1 g4 29. Nb3 Bd6 30. Nc5 Bxc5 31. dxc5 Qf5 32. a4 bxa4 33. Nxa4 Nd7
34. Bc3 Nc6 35. Qf1 Ndb8 36. Qa1 h5 37. Nb6 Qd3 38. Bh8 Kf8 39. Bc3 Ke8 40. Nc8
Nd7 41. Nd6+ Ke7 42. Qe1 Nde5 43. e4 dxe4 44. Qxe4 Qxc3 45. Nf5+ Kf8 46. Ne3
Qe1+ 0-1

[Event "IV Festival B"]
[Site "Codogno ITA"]
[Date "2012.09.23"]
[Round "4"]
[White "Botta, Massimiliano"]
[Black "Plucani, Germano"]
[WhiteElo "1476"]
[BlackElo "1422"]
[Result "1-0"]
[PlyCount "127"]
[EventDate "2012.09.21"]

1. e4 b6 2. d4 Bb7 3. Nc3 e6 4. Bf4 g6 5. Nf3 Bg7 6. Qd2 d6 7. O-O-O Nd7 8. Bc4
a6 9. a3 Qe7 10. Rhe1 O-O-O 11. e5 d5 12. Bb3 Qf8 13. Ne2 h6 14. h3 Ne7 15. Qd3
Kb8 16. g3 Nc6 17. Nd2 g5 18. Be3 Ne7 19. c4 Nf5 20. Nc3 Nxe3 21. Qxe3 dxc4 22.
Bxc4 Rc8 23. Qe2 Ka7 24. Nb3 c5 25. f4 Qe7 26. Ne4 cxd4 27. Rxd4 b5 28. Nd6 Rc7
29. Qe3 Nb6 30. Na5 bxc4 31. Naxb7 Rxb7 32. Nxb7 Qxb7 33. Red1 Rc8 34. a4 a5
35. R1d2 Bf8 36. Rd7 Rc7 37. Rxc7 Qxc7 38. Rc2 Bb4 39. b3 c3 40. Kb1 Ka6 41.
Qd3+ Kb7 42. fxg5 hxg5 43. h4 gxh4 44. gxh4 Qxe5 45. Qf3+ Qd5 46. Qxf7+ Qd7 47.
Qxd7+ Nxd7 48. Rh2 e5 49. h5 Nf6 50. h6 Nh7 51. Re2 Bd6 52. Kc2 Kc6 53. Kxc3
Bb4+ 54. Kc4 Kd6 55. Rg2 Ke6 56. Rg7 Nf6 57. h7 Nxh7 58. Rxh7 Kf5 59. Rh4 Kg5
60. Re4 Kf5 61. Kd5 Bd6 62. Re2 Bc7 63. Rf2+ Kg4 64. Rc2 1-0

[Event "IV Festival B"]
[Site "Codogno ITA"]
[Date "2012.09.23"]
[Round "4"]
[White "Cautiero, Pietro"]
[Black "Casale, Anania"]
[WhiteElo "1694"]
[BlackElo "1723"]
[Result "1/2-1/2"]
[PlyCount "92"]
[EventDate "2012.09.21"]

1. d4 Nf6 2. Nc3 e6 3. e4 Bb4 4. Bg5 h6 5. Bxf6 Qxf6 6. Nf3 b6 7. Bd3 Bb7 8.
O-O Bxc3 9. bxc3 d6 10. c4 O-O 11. c3 Nd7 12. Nd2 c5 13. Nb3 d5 14. cxd5 exd5
15. e5 Qe7 16. Bc2 Rfe8 17. f4 Rac8 18. Qd3 Nf8 19. Qg3 cxd4 20. Nxd4 Qc5 21.
Rac1 Ne6 22. Qd3 Nf8 23. Bb1 Qc4 24. Qg3 Rc6 25. Nxc6 Qxc6 26. Rfe1 Qc5+ 27.
Qe3 Qc6 28. Qf2 Rc8 29. Bf5 Rc7 30. Bg4 Qg6 31. Bf3 Ne6 32. Qg3 Qd3 33. Red1
Qe3+ 34. Qf2 Qxf4 35. Bxd5 Qxe5 36. Bxe6 Qxe6 37. Qd4 Qxa2 38. Rd2 Qc4 39. Qxc4
Rxc4 40. Rd8+ Kh7 41. Rd7 Be4 42. Rxa7 f5 43. Ra6 Rc6 44. Kf2 Rd6 45. Ra2 Rg6
46. g3 Rc6 1/2-1/2

[Event "IV Festival B"]
[Site "Codogno ITA"]
[Date "2012.09.23"]
[Round "4"]
[White "Fantina, Carla"]
[Black "Vecchio, Paolo L."]
[WhiteElo "1476"]
[BlackElo "1350"]
[Result "0-1"]
[PlyCount "132"]
[EventDate "2012.09.21"]

1. c4 b6 2. Nc3 Bb7 3. d4 g6 4. e3 Bg7 5. Nf3 d6 6. Be2 e6 7. O-O h6 8. Rb1 a6
9. e4 Ne7 10. Be3 Nd7 11. Qc1 Nf6 12. e5 dxe5 13. Nxe5 Ne4 14. f3 Nxc3 15. bxc3
f6 16. Ng4 Nf5 17. Bf2 h5 18. Ne3 Bh6 19. g3 Qe7 20. f4 Bf8 21. Nxf5 gxf5 22.
Qb2 Be4 23. Rbd1 Qa3 24. Rd2 Qxb2 25. Rxb2 Ba3 26. Rb3 Be7 27. Be1 Kf7 28. Bf3
Rab8 29. Bxe4 fxe4 30. a4 f5 31. Bf2 Rbg8 32. d5 h4 33. dxe6+ Kxe6 34. Rd1 hxg3
35. Bxg3 Bh4 36. Kg2 Bxg3 37. hxg3 Rd8 38. Rbb1 Rd3 39. Rxd3 exd3 40. Re1+ Kd6
41. Rd1 Kc5 42. Rxd3 Kxc4 43. Re3 Kb3 44. Re7 c5 45. Rb7 Rh6 46. a5 b5 47. Rb6
Rh8 48. Rxa6 Ka4 49. Rc6 b4 50. Rxc5 b3 51. Rc7 b2 52. Rb7 Ka3 53. a6 Ka2 54.
a7 b1=Q 55. Rxb1 Kxb1 56. Kf3 Kc2 57. c4 Kd3 58. c5 Ra8 59. g4 fxg4+ 60. Kxg4
Rxa7 61. f5 Kd4 62. c6 Kd5 63. Kg5 Kxc6 64. f6 Kd6 65. Kg6 Ke6 66. Kg5 Rf7 0-1

[Event "IV Festival B"]
[Site "Codogno ITA"]
[Date "2012.09.23"]
[Round "4"]
[White "Giuria, Abramo"]
[Black "Carbone, Lorenzo"]
[WhiteElo "1717"]
[BlackElo "1737"]
[Result "1/2-1/2"]
[PlyCount "83"]
[EventDate "2012.09.21"]

1. e4 c5 2. Nc3 Nc6 3. f4 e6 4. Nf3 Be7 5. Bc4 a6 6. a3 b5 7. Ba2 Bb7 8. d3 b4
9. Ne2 d5 10. exd5 exd5 11. d4 Nf6 12. O-O O-O 13. Ne5 cxd4 14. Nxc6 Bxc6 15.
Nxd4 Bb7 16. axb4 Bxb4 17. c3 Bc5 18. Kh1 Re8 19. f5 a5 20. Bg5 h6 21. Bh4 Re4
22. Bxf6 Qxf6 23. Nf3 Rd8 24. Bb1 Ba6 25. Bd3 Bxd3 26. Qxd3 Bb6 27. Qc2 Rde8
28. Rae1 Rxe1 29. Rxe1 Rxe1+ 30. Nxe1 Bc7 31. Nf3 Qd6 32. g3 Bb6 33. Kg2 Qc5
34. Nd4 Qc8 35. Qd3 Bxd4 36. cxd4 a4 37. g4 Qc4 38. Qe3 Qc2+ 39. Qf2 Qe4+ 40.
Kg3 Qd3+ 41. Kg2 Qe4+ 42. Kg3 1/2-1/2

[Event "IV Festival B"]
[Site "Codogno ITA"]
[Date "2012.09.23"]
[Round "4"]
[White "Guasconi, Lelio"]
[Black "Marchesotti, Giovanni"]
[WhiteElo "1577"]
[BlackElo "1525"]
[Result "1-0"]
[PlyCount "95"]
[EventDate "2012.09.21"]

1. e4 c5 2. d3 e6 3. Nf3 Be7 4. g3 d6 5. Bg2 Nc6 6. c3 Nf6 7. O-O O-O 8. Re1
Bd7 9. h4 e5 10. Nh2 Qc8 11. Nd2 Ng4 12. Ndf1 Nxh2 13. Nxh2 Be6 14. f4 exf4 15.
Bxf4 Ne5 16. d4 Ng6 17. Be3 Nxh4 18. gxh4 Bxh4 19. Bf2 Bxf2+ 20. Kxf2 Qd8 21.
Nf3 Bg4 22. Qd2 Qf6 23. Qg5 Qxg5 24. Nxg5 h6 25. Bh3 Bh5 26. Nf3 Bxf3 27. Kxf3
g6 28. Rg1 Kh7 29. Kg3 Rae8 30. Rae1 Re7 31. Rg2 f5 32. Rge2 f4+ 33. Kf3 h5 34.
e5 g5 35. exd6 g4+ 36. Bxg4 hxg4+ 37. Kxg4 Rxe2 38. Rxe2 f3 39. Rf2 cxd4 40.
cxd4 Rd8 41. Kxf3 Rxd6 42. Ke4 Kg7 43. Ke5 Rd7 44. d5 Rf7 45. Rxf7+ Kxf7 46.
Kd6 b6 47. Kc7 Ke8 48. d6 1-0

[Event "IV Festival B"]
[Site "Codogno ITA"]
[Date "2012.09.23"]
[Round "4"]
[White "Losi, Paolo"]
[Black "Folcini, Gaddo"]
[WhiteElo "1742"]
[BlackElo "1606"]
[Result "0-1"]
[PlyCount "81"]
[EventDate "2012.09.21"]

1. d4 e5 2. d5 Bc5 3. c4 Nf6 4. e3 O-O 5. Nc3 Be7 6. Bd3 d6 7. Qc2 Bg4 8. h3
Bh5 9. Bd2 Nbd7 10. g4 Bg6 11. Bxg6 fxg6 12. e4 Nb6 13. Qd3 Nfd7 14. Be3 Bh4
15. Rh2 Nc5 16. Bxc5 dxc5 17. Nf3 Rxf3 18. Qxf3 Nxc4 19. Qe2 Nd6 20. O-O-O a6
21. Kb1 b5 22. Rhh1 Qd7 23. Rdf1 Bg5 24. Qc2 Nc4 25. Rd1 Rf8 26. h4 Bf4 27.
Rhg1 a5 28. Ne2 a4 29. Nxf4 Rxf4 30. Qe2 a3 31. b3 Nb2 32. Rc1 c4 33. Rc3 Nd3
34. Rg2 Qd6 35. Rxd3 cxd3 36. Qxd3 Qb4 37. f3 Qe1+ 38. Kc2 Qa1 39. Qd2 Rxf3 40.
Re2 Qxa2+ 41. Kd1 0-1

[Event "IV Festival B"]
[Site "Codogno ITA"]
[Date "2012.09.23"]
[Round "4"]
[White "Panizza, Luca"]
[Black "Biselli, Fabrizio"]
[WhiteElo "1599"]
[BlackElo "1456"]
[Result "1-0"]
[PlyCount "37"]
[EventDate "2012.09.21"]

1. c4 Nf6 2. g3 g6 3. Bg2 Bg7 4. Nc3 c5 5. d3 O-O 6. e4 Nc6 7. Nge2 d6 8. O-O
Bg4 9. h3 Bxe2 10. Nxe2 a6 11. a3 b5 12. cxb5 Na7 13. e5 dxe5 14. Bxa8 Qxa8 15.
bxa6 Rd8 16. Qb3 e4 17. Nf4 Nc6 18. Qb7 Qxb7 19. axb7 1-0

[Event "IV Festival B"]
[Site "Codogno ITA"]
[Date "2012.09.23"]
[Round "4"]
[White "Poletto, Daniele"]
[Black "Raimondi, Celso"]
[WhiteElo "1736"]
[BlackElo "1657"]
[Result "1/2-1/2"]
[PlyCount "97"]
[EventDate "2012.09.21"]

1. c4 e5 2. Nc3 c6 3. Nf3 d6 4. d4 exd4 5. Qxd4 Nf6 6. e4 Be7 7. e5 dxe5 8.
Qxd8+ Bxd8 9. Nxe5 O-O 10. Be2 Re8 11. Bf4 Bc7 12. Nd3 Bxf4 13. Nxf4 Nbd7 14.
O-O Nc5 15. Rfe1 Bf5 16. b4 Ne6 17. Nxe6 Rxe6 18. Bf1 Rae8 19. Rxe6 Rxe6 20. f3
Rd6 21. Rd1 Rxd1 22. Nxd1 Kf8 23. Kf2 Ke7 24. Ke3 Kd6 25. Nc3 b6 26. a3 g5 27.
Bd3 Bxd3 28. Kxd3 Ke5 29. Ne2 c5 30. bxc5 bxc5 31. Nc3 Nd7 32. Ne4 h6 33. Nd2
f5 34. g3 h5 35. h3 Nf6 36. Nb3 Kd6 37. Nd2 Nd7 38. f4 gxf4 39. gxf4 Nf8 40.
Nf1 Ne6 41. Ke3 h4 42. Nd2 Nd4 43. Nf3 Nxf3 44. Kxf3 Kc6 45. Ke3 Kb6 46. Kd3
Ka5 47. Kc3 Ka4 48. Kb2 a5 49. Ka2 1/2-1/2

[Event "IV Festival B"]
[Site "Codogno ITA"]
[Date "2012.09.23"]
[Round "4"]
[White "Ruggeri, Igor"]
[Black "Acunzo, Domenico"]
[WhiteElo "1545"]
[BlackElo "1743"]
[Result "1-0"]
[PlyCount "169"]
[EventDate "2012.09.21"]

1. d4 e6 2. c4 f5 3. Nf3 Nf6 4. g3 d5 5. Qc2 c6 6. Bg2 Bd6 7. O-O O-O 8. Bg5
Qe8 9. Bxf6 gxf6 10. cxd5 cxd5 11. Nbd2 Nc6 12. a3 Bd7 13. Qd3 Kh8 14. Qe3 Qh5
15. Nh4 Rg8 16. Bf3 Qf7 17. Nb3 Rae8 18. Qh6 Rg5 19. Ng2 Reg8 20. Kh1 e5 21. e3
Bf8 22. Bxd5 Qxd5 23. Qxf6+ R5g7 24. Nc5 Be7 25. Qh6 Bc8 26. Qh5 b6 27. Nd3
exd4 28. Ndf4 Qd6 29. Rfd1 Rg5 30. Qe2 Bb7 31. exd4 Bf6 32. d5 Ne5 33. Rac1 Ng6
34. Ne6 Rg4 35. f3 Ra4 36. Nc7 Bd8 37. Qc2 Ra5 38. b4 Ra6 39. Nxa6 Bxa6 40.
Qc3+ Bf6 41. Qc7 Qxc7 42. Rxc7 Be2 43. Rdc1 Bxf3 44. Rxa7 Bxd5 45. Rcc7 Nf8 46.
Kg1 h5 47. Nf4 Be4 48. Nxh5 Bd4+ 49. Kf1 Rg5 50. Rc8 Kg8 51. Nf4 b5 52. Re7 Bf6
53. Ree8 Bg7 54. Ne6 Rh5 55. Nxf8 Rxh2 56. Ne6+ Kf7 57. Ng5+ Kg6 58. Nxe4 fxe4
59. Rxe4 Bb2 60. Re3 Bc1 61. Rf3 Rh1+ 62. Kg2 Rd1 63. Rcf8 Rd2+ 64. Kh3 Bb2 65.
Rg8+ Bg7 66. Rb8 Rd5 67. Rb6+ Kg5 68. Rc6 Bd4 69. Rd3 Kf5 70. Rc5 Ke4 71. Rxd5
Kxd5 72. g4 Ke4 73. Rxd4+ Kxd4 74. g5 Ke5 75. g6 Kf6 76. g7 Kxg7 77. Kg4 Kf6
78. Kf4 Ke6 79. Ke4 Kd6 80. Kd4 Kc6 81. Ke5 Kc7 82. Kd5 Kb6 83. Kd6 Kb7 84. Kc5
Ka6 85. Kc6 1-0

[Event "IV Festival B"]
[Site "Codogno ITA"]
[Date "2012.09.23"]
[Round "4"]
[White "Sigillo, Carmelo"]
[Black "Menato, Nazario"]
[WhiteElo "1768"]
[BlackElo "1555"]
[Result "1-0"]
[PlyCount "61"]
[EventDate "2012.09.21"]

1. e4 d5 2. exd5 Qxd5 3. Nc3 Qa5 4. d4 Nf6 5. Bc4 Bf5 6. Bd2 c6 7. Nf3 e6 8.
O-O Be7 9. Nd5 Qd8 10. Nxe7 Qxe7 11. Re1 O-O 12. Nh4 Be4 13. Bg5 Bd5 14. Bd3 h6
15. Nf5 Qd8 16. Nxh6+ gxh6 17. Bxh6 Re8 18. Re3 Kh8 19. Rh3 Bxg2 20. Kxg2 Qd5+
21. Qf3 Rg8+ 22. Bg5+ Kg7 23. Bxf6+ Kf8+ 24. Rg3 Qxf3+ 25. Kxf3 Nd7 26. Rxg8+
Kxg8 27. Rg1+ Kf8 28. Bh4 Ke8 29. Rg8+ Nf8 30. Bf6 Rd8 31. Bxd8 1-0

[Event "IV Festival B"]
[Site "Codogno ITA"]
[Date "2012.09.23"]
[Round "4"]
[White "Swannie, Bryan"]
[Black "Gorini, Michele"]
[WhiteElo "1702"]
[BlackElo "1392"]
[Result "1-0"]
[PlyCount "49"]
[EventDate "2012.09.21"]

1. d4 d5 2. c4 e6 3. Nf3 Nf6 4. g3 Bd6 5. Bg2 O-O 6. O-O Nc6 7. Nbd2 Rb8 8. Qc2
Re8 9. e4 Bb4 10. e5 Bxd2 11. Bxd2 Ne4 12. Be3 b6 13. Rfd1 Ba6 14. cxd5 exd5
15. Qxc6 Bb7 16. Qc2 f5 17. exf6 Nxf6 18. Ne5 c5 19. f4 Ne4 20. Bxe4 dxe4 21.
dxc5 Qc7 22. Rd7 Qc8 23. c6 Bxc6 24. Qxc6 Qxc6 25. Nxc6 1-0

[Event "IV Festival B"]
[Site "Codogno ITA"]
[Date "2012.09.23"]
[Round "5"]
[White "Acunzo, Domenico"]
[Black "Attuati, Luca"]
[WhiteElo "1743"]
[BlackElo "1449"]
[Result "1-0"]
[PlyCount "81"]
[EventDate "2012.09.21"]

1. e4 d5 2. exd5 Qxd5 3. Nc3 Qa5 4. d4 Nf6 5. Bc4 Bg4 6. f3 Bh5 7. Nge2 e6 8.
O-O Nbd7 9. Kh1 c6 10. Qd3 Bd6 11. Ne4 Nxe4 12. fxe4 Bg6 13. Qf3 O-O-O 14. c3
Qc7 15. e5 Be7 16. b4 Nxe5 17. dxe5 Qxe5 18. Bf4 Qe4 19. Qxe4 Bxe4 20. Ng3 Bd3
21. Bxd3 Rxd3 22. Rac1 h6 23. a4 Bg5 24. Bxg5 hxg5 25. Ne4 g4 26. Rxf7 Rhd8 27.
Kg1 Re3 28. Rf4 g3 29. Nxg3 g5 30. Re4 Rxe4 31. Nxe4 g4 32. Kf2 Rf8+ 33. Kg3 e5
34. Re1 Kd7 35. Kxg4 Ke6 36. Ng5+ Kd5 37. Re4 c5 38. bxc5 Rf4+ 39. Rxf4 exf4
40. Kxf4 Kxc5 41. h4 1-0

[Event "IV Festival B"]
[Site "Codogno ITA"]
[Date "2012.09.23"]
[Round "5"]
[White "Biava, Pierluigi"]
[Black "Botta, Massimiliano"]
[WhiteElo "1645"]
[BlackElo "1476"]
[Result "1/2-1/2"]
[PlyCount "68"]
[EventDate "2012.09.21"]

1. c4 e5 2. Nc3 Nc6 3. g3 Nf6 4. Bg2 Bc5 5. a3 O-O 6. b4 Bd4 7. Bb2 d6 8. e3
Bxc3 9. Bxc3 Be6 10. d3 Rb8 11. b5 Ne7 12. Nf3 Qd7 13. Ng5 h6 14. Nxe6 Qxe6 15.
O-O Rfd8 16. Qe2 c6 17. a4 d5 18. Rfe1 Nd7 19. Qf1 Qf6 20. f4 dxc4 21. dxc4
cxb5 22. axb5 Nc8 23. Bd5 Rf8 24. Qg2 b6 25. Bc6 Qe7 26. Bxd7 Qxd7 27. Bxe5 Rb7
28. Red1 Qe7 29. Qd5 Kh8 30. h4 f6 31. Bd4 Rd8 32. Qf3 Rc7 33. Rac1 Qb4 34. Qe2
Nd6 1/2-1/2

[Event "IV Festival B"]
[Site "Codogno ITA"]
[Date "2012.09.23"]
[Round "5"]
[White "Carbone, Lorenzo"]
[Black "Losi, Paolo"]
[WhiteElo "1737"]
[BlackElo "1742"]
[Result "1/2-1/2"]
[PlyCount "93"]
[EventDate "2012.09.21"]

1. e4 c5 2. Nf3 Nc6 3. d4 cxd4 4. Nxd4 e6 5. Be3 a6 6. a3 Nf6 7. Nc3 Be7 8. Be2
d6 9. O-O Nxd4 10. Bxd4 Qc7 11. Qe1 Bd7 12. f4 e5 13. fxe5 dxe5 14. Be3 Bc6 15.
Bf3 b5 16. Qg3 Rg8 17. Qf2 Rb8 18. Rad1 b4 19. axb4 Rxb4 20. b3 Rb8 21. Be2 Bb4
22. Nd5 Bxd5 23. exd5 a5 24. Bc4 a4 25. Qe2 a3 26. Bd4 Bd6 27. Rf5 Nd7 28. Bc3
g6 29. Rf3 f5 30. Bb5 Qc5+ 31. Kh1 Qxb5 32. Qf2 Nf6 33. Qh4 Kf7 34. Re1 Qxd5
35. Rd3 Qc5 36. Red1 Be7 37. b4 Qc6 38. Bxe5 Nh5 39. Rd7 Rge8 40. Bxb8 Qxc2 41.
Re1 Nf6 42. Bd6 Qc3 43. Bxe7 Nxd7 44. Qxh7+ Qg7 45. Qh4 Qc3 46. Qh7+ Qg7 47.
Qh4 1/2-1/2

[Event "IV Festival B"]
[Site "Codogno ITA"]
[Date "2012.09.23"]
[Round "5"]
[White "Casale, Anania"]
[Black "Ruggeri, Igor"]
[WhiteElo "1723"]
[BlackElo "1545"]
[Result "1-0"]
[PlyCount "135"]
[EventDate "2012.09.21"]

1. d4 d5 2. c4 e6 3. Nc3 Nf6 4. Nf3 Be7 5. e3 O-O 6. Be2 c5 7. O-O Nc6 8. a3 a6
9. Qc2 dxc4 10. dxc5 Bxc5 11. Bxc4 Qc7 12. Ne4 Be7 13. Bd3 g6 14. Bd2 Nxe4 15.
Bxe4 Bf6 16. Rac1 Bd7 17. Bc3 Qd8 18. Rfd1 Bg7 19. Bxg7 Kxg7 20. Qc3+ f6 21.
Rd6 Qe7 22. Rcd1 Rad8 23. Qd3 Bc8 24. Bxc6 Rxd6 25. Qxd6 Qxd6 26. Rxd6 bxc6 27.
Rxc6 Rd8 28. h3 Kf8 29. Nd4 Ke7 30. Rc7+ Kd6 31. Rxh7 e5 32. Nf3 Bf5 33. Rb7
Rc8 34. Rb6+ Rc6 35. Rxc6+ Kxc6 36. Kf1 Bd3+ 37. Ke1 Kd5 38. h4 e4 39. Nd4 a5
40. Kd2 Bf1 41. g3 Ba6 42. Kc3 Bc8 43. b4 axb4+ 44. Kxb4 Kd6 45. a4 Kc7 46. Kc5
Kb7 47. Nb5 Ka6 48. Kb4 Bd7 49. Nc7+ Kb7 50. Nd5 f5 51. Ne7 Be8 52. h5 gxh5 53.
Nxf5 Bg6 54. Nd6+ Ka6 55. Kc5 Ka5 56. Kd4 Kxa4 57. Nxe4 Kb3 58. Ke5 Kc2 59. Kf4
Kd1 60. f3 Ke2 61. Ng5 Kf2 62. e4 Be8 63. e5 Ke2 64. e6 Kf2 65. Ne4+ Kg2 66.
Nf6 Bg6 67. e7 Kh3 68. e8=Q 1-0

[Event "IV Festival B"]
[Site "Codogno ITA"]
[Date "2012.09.23"]
[Round "5"]
[White "Folcini, Gaddo"]
[Black "Cautiero, Pietro"]
[WhiteElo "1606"]
[BlackElo "1694"]
[Result "1/2-1/2"]
[PlyCount "42"]
[EventDate "2012.09.21"]

1. d4 d5 2. Nf3 e6 3. Bg5 Nf6 4. Nbd2 Be7 5. Ne5 Nbd7 6. Ndf3 c5 7. Nxd7 Bxd7
8. e3 O-O 9. Ne5 cxd4 10. exd4 Rc8 11. Be2 h6 12. Bf4 Qb6 13. O-O Bb5 14. Bxb5
Qxb5 15. b3 Bb4 16. g4 Ne4 17. Kh1 g5 18. Be3 f6 19. c4 Qe8 20. Nd3 Be7 21. c5
f5 1/2-1/2

[Event "IV Festival B"]
[Site "Codogno ITA"]
[Date "2012.09.23"]
[Round "5"]
[White "Gorini, Michele"]
[Black "Fantina, Carla"]
[WhiteElo "1392"]
[BlackElo "1476"]
[Result "1-0"]
[PlyCount "85"]
[EventDate "2012.09.21"]

1. d4 Nf6 2. e3 g6 3. Nc3 Bg7 4. Bd3 d6 5. Nf3 O-O 6. b3 c6 7. Bb2 d5 8. O-O
Nbd7 9. Ne2 Re8 10. c4 Qc7 11. c5 e5 12. Bc2 e4 13. Ne1 b6 14. b4 a5 15. a3
axb4 16. axb4 Rxa1 17. Qxa1 Bb7 18. Qc1 Ra8 19. f4 Ng4 20. h3 Nh6 21. g4 f5 22.
g5 Nf7 23. Ng2 bxc5 24. bxc5 Qa5 25. Re1 h6 26. h4 hxg5 27. hxg5 Nb8 28. Kf2
Na6 29. Bc3 Qd8 30. Nh4 Kh7 31. Rh1 Nxg5 32. fxg5 Qxg5 33. Nf3+ Kg8 34. Nxg5
Nc7 35. Nf4 Bf6 36. Nge6 Nxe6 37. Nxe6 Kf7 38. Rh7+ Kxe6 39. Rxb7 Rh8 40. Qg1
Rh3 41. Qxg6 Rf3+ 42. Ke2 f4 43. Qg4# 1-0

[Event "IV Festival B"]
[Site "Codogno ITA"]
[Date "2012.09.23"]
[Round "5"]
[White "Marchesotti, Giovanni"]
[Black "Menato, Nazario"]
[WhiteElo "1525"]
[BlackElo "1555"]
[Result "1/2-1/2"]
[PlyCount "56"]
[EventDate "2012.09.21"]

1. Nf3 d5 2. g3 Nf6 3. Bg2 c5 4. O-O Nc6 5. d3 h6 6. c3 Bf5 7. Nbd2 e6 8. Nh4
Bh7 9. f4 Ng4 10. Nb3 Be7 11. Nf3 O-O 12. h3 Nf6 13. Be3 b6 14. Bf2 Qc7 15. e3
Rad8 16. Qe2 c4 17. dxc4 dxc4 18. Nc1 b5 19. Nd4 Nxd4 20. exd4 Nd5 21. Be4 f5
22. Bxd5 exd5 23. Re1 Rf7 24. Qf3 b4 25. Ne2 Rf6 26. cxb4 Bxb4 27. Nc3 Bxc3 28.
bxc3 Bg6 1/2-1/2

[Event "IV Festival B"]
[Site "Codogno ITA"]
[Date "2012.09.23"]
[Round "5"]
[White "Nordio, Giorgio"]
[Black "Sigillo, Carmelo"]
[WhiteElo "1566"]
[BlackElo "1768"]
[Result "1/2-1/2"]
[PlyCount "50"]
[EventDate "2012.09.21"]

1. d4 Nf6 2. c4 e5 3. dxe5 Ng4 4. Nf3 Bc5 5. e3 Nc6 6. b3 O-O 7. Bb2 Re8 8. Be2
Ngxe5 9. O-O d6 10. Nc3 Nxf3+ 11. Bxf3 Ne5 12. Re1 Rb8 13. Rb1 Bf5 14. e4 Nxf3+
15. Qxf3 Bg6 16. Re2 c6 17. Qf4 Bd4 18. Rd1 Be5 19. Qg4 Qf6 20. Rd3 h5 21. Qf3
h4 22. Qxf6 Bxf6 23. f3 Bg5 24. Nd1 Rbd8 25. Nf2 Kf8 1/2-1/2

[Event "IV Festival B"]
[Site "Codogno ITA"]
[Date "2012.09.23"]
[Round "5"]
[White "Plucani, Germano"]
[Black "Biselli, Fabrizio"]
[WhiteElo "1422"]
[BlackElo "1456"]
[Result "0-1"]
[PlyCount "52"]
[EventDate "2012.09.21"]

1. d4 Nf6 2. Nf3 d5 3. e3 g6 4. Nbd2 Bg7 5. Be2 Nbd7 6. c3 O-O 7. O-O c5 8. Qc2
Re8 9. dxc5 Nxc5 10. b4 Bf5 11. Qd1 Nce4 12. Nxe4 Nxe4 13. Bb2 Rc8 14. Nd4 Nxc3
15. Bxc3 Rxc3 16. a4 Bd7 17. b5 Qc7 18. Rc1 Rc8 19. Rxc3 Qxc3 20. h3 e5 21. Nf3
d4 22. exd4 exd4 23. Qd3 Bf5 24. Qxc3 dxc3 25. Nh4 c2 26. Nxf5 gxf5 0-1

[Event "IV Festival B"]
[Site "Codogno ITA"]
[Date "2012.09.23"]
[Round "5"]
[White "Raimondi, Celso"]
[Black "Marzatico, Luca"]
[WhiteElo "1657"]
[BlackElo "1515"]
[Result "1/2-1/2"]
[PlyCount "108"]
[EventDate "2012.09.21"]

1. d4 d5 2. c4 e6 3. Nc3 Nf6 4. Bg5 Nbd7 5. e3 c6 6. Nf3 Be7 7. Bd3 dxc4 8.
Bxc4 Nd5 9. Bxe7 Qxe7 10. Nxd5 exd5 11. Bd3 O-O 12. Qc2 g6 13. O-O Nf6 14. h3
Be6 15. Rfe1 Nd7 16. e4 Qd6 17. e5 Qc7 18. Ng5 Nb6 19. Nxe6 fxe6 20. Re3 Kh8
21. g3 Rf7 22. f4 Raf8 23. Rf1 Nc8 24. Ref3 Ne7 25. g4 Qd7 26. Qf2 Qc7 27. b4
b5 28. Qc2 Qb7 29. Qc5 a6 30. Kh2 Qc8 31. Kg3 Kg8 32. Qc2 Kh8 33. h4 Qd7 34.
Qe2 Qc8 35. a3 Kg8 36. Qh2 Kg7 37. Qh3 Qd7 38. h5 gxh5 39. Qxh5 Rh8 40. f5 exf5
41. gxf5 Rg8 42. Qxf7+ Kxf7+ 43. Kf2 Qc8 44. Rh1 Rh8 45. Rfh3 h5 46. Rxh5 Rxh5
47. Rxh5 Qg8 48. f6 Kf8 49. fxe7+ Kxe7 50. Rh7+ Kd8 51. Rh3 Qg5 52. Kf3 Qd2 53.
Bf5 Qxd4 54. e6 Qd1+ 1/2-1/2

[Event "IV Festival B"]
[Site "Codogno ITA"]
[Date "2012.09.23"]
[Round "5"]
[White "Swannie, Bryan"]
[Black "Panizza, Luca"]
[WhiteElo "1702"]
[BlackElo "1599"]
[Result "0-1"]
[PlyCount "88"]
[EventDate "2012.09.21"]

1. d4 f5 2. c4 Nf6 3. g3 g6 4. Bg2 Bg7 5. Nf3 d6 6. O-O O-O 7. Nc3 c6 8. b3 Na6
9. Re1 Nc7 10. Ba3 a6 11. e4 fxe4 12. Nxe4 Bf5 13. Nfg5 Nxe4 14. Bxe4 Bxe4 15.
Rxe4 Rf5 16. f4 e5 17. Bb2 exf4 18. gxf4 d5 19. cxd5 cxd5 20. Re3 Rxf4 21. Rg3
Qe7 22. Qd2 Rf5 23. Re1 Qf6 24. Re5 Rf8 25. Rxf5 Qxf5 26. Rf3 Qb1+ 27. Kg2 Rxf3
28. Kxf3 Qf5+ 29. Qf4 Qd3+ 30. Qe3 Qf1+ 31. Kg4 h5+ 32. Kg3 Bh6 33. Qe7 Qg1+
34. Kf3 Qg4+ 35. Kf2 Bxg5 36. Qxc7 Qf4+ 37. Qxf4 Bxf4 38. h4 Kf7 39. Kf3 Bd6
40. a4 Be7 41. Kg3 Ke6 42. Bc3 Kf5 43. Ba5 Ke4 44. Bb6 Bf6 0-1

[Event "IV Festival B"]
[Site "Codogno ITA"]
[Date "2012.09.23"]
[Round "5"]
[White "Vecchio, Paolo L."]
[Black "Guasconi, Lelio"]
[WhiteElo "1350"]
[BlackElo "1577"]
[Result "0-1"]
[PlyCount "120"]
[EventDate "2012.09.21"]

1. d4 c6 2. e4 e6 3. c4 Bb4+ 4. Nc3 Nf6 5. Bd2 Bxc3 6. Bxc3 Nxe4 7. Bd3 Nxc3 8.
bxc3 Qa5 9. Ne2 O-O 10. c5 Qd8 11. Ng3 f5 12. f4 b6 13. O-O bxc5 14. Bc4 d5 15.
Bb3 cxd4 16. cxd4 Nd7 17. Rc1 Bb7 18. Rf3 Nf6 19. Qe2 Qd6 20. h3 Rf7 21. Rf2
Rc8 22. Nh5 c5 23. Nxf6+ Rxf6 24. Qe5 Qxe5 25. fxe5 Rf7 26. dxc5 Bc6 27. Rf4
Rfc7 28. Ba4 a5 29. Rc3 Bxa4 30. Rxa4 Rxc5 31. Rb3 d4 32. Rxd4 Kf7 33. a4 R8c7
34. Rd6 Rxe5 35. Ra6 Rec5 36. Rb5 Rxb5 37. axb5 Rb7 38. b6 Kf6 39. Kf2 Ke5 40.
Rxa5+ Kd6 41. g4 g6 42. Ra7 Kc6 43. Ra8 Kxb6 44. gxf5 exf5 45. h4 Kc6 46. Rg8
Rf7 47. Kf3 Kd5 48. Kf4 Ke6 49. Kg5 f4 50. h5 Rf5+ 51. Kh6 Rxh5+ 52. Kg7 Kf5
53. Rf8+ Kg4 54. Ra8 f3 55. Ra1 f2 56. Rf1 Kf3 57. Ra1 Kg2 58. Rb1 f1=Q 59.
Rxf1 Kxf1 60. Kf6 Kf2 0-1

[Event "IV Festival B"]
[Site "Codogno ITA"]
[Date "2012.09.23"]
[Round "5"]
[White "Vuckovic, Dimitrije"]
[Black "Scotti, Luigi"]
[WhiteElo "1517"]
[BlackElo "1491"]
[Result "1/2-1/2"]
[PlyCount "42"]
[EventDate "2012.09.21"]

1. Nf3 Nf6 2. g3 g6 3. Bg2 Bg7 4. c4 O-O 5. Nc3 c5 6. O-O Nc6 7. d4 cxd4 8.
Nxd4 Ne8 9. Qd3 d6 10. e4 Nc7 11. Rb1 Ne5 12. Qe2 Bd7 13. b3 Qc8 14. Bb2 Rb8
15. Rfd1 Bh3 16. Nd5 Re8 17. f3 Bxg2 18. Qxg2 Ne6 19. Ne3 Rd8 20. f4 Nc6 21.
Nxc6 Qxc6 1/2-1/2